| 000 | 01217nam a2200337 c 4500 | ||
|---|---|---|---|
| 001 | 13087 | ||
| 003 | ES-MaCES | ||
| 005 | 20150925135351.0 | ||
| 008 | 011212s2001 sp o||0 | spa d | ||
| 017 |
_aM 339070-2001 _bDL |
||
| 024 | 7 |
_a251-01-083-1 _2nipo |
|
| 035 | _aCES20010018638m | ||
| 040 |
_aES-MaCES _bspa _cES-MaCES |
||
| 245 | 0 | 0 |
_aDirectorio de elaboradores de la agricultura ecológica, España 2001 _cMinisterio de Agricultura, Pesca y Alimentación, Dirección General de Alimentación |
| 260 |
_aMadrid _bMinisterio de Agricultura, Pesca y Alimentación, Centro de Publicaciones _c2001 |
||
| 300 |
_a179 p. _c30 cm |
||
| 500 | _aActualización julio de 2001 | ||
| 541 | _cGratuito | ||
| 650 | 4 |
_aagricultura _927489 |
|
| 650 | 4 |
_aproducto agrícola _927551 |
|
| 650 | 4 |
_aEspaña _926964 |
|
| 650 | 4 |
_adirectorio _928972 |
|
| 653 | 1 | 0 | _aAgricultura-Ganadería |
| 650 | 4 |
_930340 _aecoagricultura |
|
| 650 | 4 |
_928715 _amedio ambiente |
|
| 710 | 2 |
_aEspaña _bMinisterio de Agricultura, Pesca y Alimentación _eed. _93225 |
|
| 710 | 2 |
_aEspaña _bDirección General de Alimentación _92772 |
|
| 902 | _aLIB Libro | ||
| 942 |
_2CES _cBK _h5.0. |
||
| 999 |
_c13087 _d13087 |
||